Don Bernardo de Irigoyen (Registro nro. 297453)

Detalles MARC
000 -ENCABEZADO
Número de control [NR] 01676nam a22002417a 4500
005 - FECHA Y HORA DE LA ÚLTIMA TRANSACCIÓN
control field 20141114105851.0
008 - DE LONGITUD FIJA DE DATOS DE ELEMENTOS - INFORMACIÓN GENERAL
Elementos de longitud fija [NR] 141027s1927 ag ||||fr|||| 001 0 spa d
040 ## - FUENTE DE CATALOGACION [NR]
Quien Cataloga Sandra Yazo
Quien Clasifica Sandra Yazo
041 0# - CODIGO DE IDIOMA [R]
Código de idioma para texto/pista de sonido o título separado [R] Español
082 04 - NUMERO DE CLASIFICACION DECIMAL DEWEY [R]
Número de la edición [NR] 20
Número de clasificación [R] 923.2982
092 ## - SIGNATURA TOPOGRAFICA LOCAL
Número de clasificación local E33N053
100 1# - ASIENTO PRINCIPAL--NOMBRE PERSONAL [NR]
Nombre personal [NR] Bianco, José
Fechas asociadas con el nombre [NR] 1870-1935
ID Autoridad 65587
245 10 - MENCION DE TITULO [NR]
Título [NR] Don Bernardo de Irigoyen
Parte restante del título [NR] Estancia y Pionner (1822-1906)
Mención de responsabilidad, etc. [NR] José Bianco
260 ## - PUBLICACION, DISTRIBUCION, ETC. (PIE DE IMPRENTA) [R]
Lugar de publicación, distribución, etc. [R] Buenos Aires (Argentina)
Nombre del editor, distribuidor, etc. [R] Talleres Gráficos argentinos de L. J. Rosso
Fecha de publicación, distribución, etc. [R] 1927
300 ## - DESCRIPCION FISICA [R]
Extensión [R] 333, [1] página
Dimensiones [R] 22 x 15 cm
500 ## - NOTA GENERAL [R]
Nota general [NR] Detalles físicos: Encuadernación rígida en cartón forrado en papel. Lomo en tela encolada y adornos en dorado. Guardas. Hoja de cortesía. Anteportada. Portada impresa en una sola tinta. Retrato del biografiado. Carta facsímil. Texto impreso en una sola tinta. Notas al pie de página. Ejemplar en buen estado de conservación
505 ## - NOTA DE CONTENIDO CON FORMATO PREESTABLECIDO [R]
Nota de contenido con formato preestablecido [NR] Capítulo 1 – 10: Don Bernardo de Irigoyen, (1822-1906) – Rasgos biográficos ; Cuestión Chileno – Argentina – Tratado de 1881 – Exposición documentada ; Organización Nacional – Preliminares del acuerdo de San Nicolás – Misión del doctor don Bernardo de Irigoyen a las provincias del interior en 1852 ; The Great old man ; Irigoyen Ministro del presente Avellaneda ; Del Archivo de don Bernardo ; Mis disidencias con don Bernardo ; La soberanía de la nación y las altiveces del estadista ; Don Bernardo maestro de la juventud
506 ## - NOTA DE RESTRICCIONES DE ACCESO [R]
Condiciones de acceso [NR] Consulta en sala
600 14 - ASIENTO SECUNDARIO DE MATERIA - NOMBRE PERSONAL [R]
Nombre personal [NR] Irigoyen, Bernardo de
Fechas asociadas con el nombre [NR] 1822-1906
Subdivisión general [R] Biografías
9 (RLIN) 65588
650 #7 - ASIENTO SECUNDARIO DE MATERIA - TERMINO TEMATICO [R]
Término temático o nombre geográfico como elemento de entrada [NR] Biografías
Subdivisión geográfica [R] Argentina
9 (RLIN) 65687
690 ## - ASUNTO AGREGADO LOCAL DE ENTRADA - TÉRMINO TEMÁTICO (OCLC, RLIN)
9 (RLIN) 42750
Acceso temático local Biografías
942 ## - ELEMENTOS DE ENTRADA AGREGADOS (KOHA)
Sistema de clasificación LOCAL
Tipo de ítem principal el descrito en 300a Libro
Edición 1
Clasificación E33N053
Existencias
Suprimido Perdido Sistema de clasificación Dañado No prestable Tipo de ítem específico Ubicación habitual Ubicación actual Localización Fecha de creación Forma de adquisición Costo Volúmen / Fascículo Total préstamos Signatura topográfica Código de barras Última vez visto Ejemplar Price effective from Tipo de ítem
    LOCAL     Libro archivo Archivo Histórico Archivo Histórico Archivo histórico 27/10/2014 Donación 0.00 V.1   E33N053 L004627 27/10/2014 Ej.1 27/10/2014 Libro